00272 a2200097 4500001001000000005001700010008004100027245004000068100001900108773004700127ART_5915020260410162051.0260409a 10aDerecho administrativo sancionador.1 aSchurig, Harry0 tImpuestosg- N° 154 (ago. 2023)wREV45175